00277nam a2200121Ia 4500008004100000041000900041082001800050100001800068245001700086260003600103300000800139650000800147230718s9999 xx 000 0 und d aEng. a343.06bDUG-M aDugal, Marcon 0ame Trusts Ac aPakistanbFeed sins fubinc2008 a212 aLaw